| 000 | 00431nam a2200121 a 4500 | ||
|---|---|---|---|
| 008 | 120416s1970 xx |||||||||||||| || u | ||
| 050 | _aNA 9052 Mac | ||
| 100 | _aMacCoy, Kent | ||
| 245 | 1 | 0 | _aLandscape planning for a new Australian town |
| 260 | _c[1970] | ||
| 350 | _a0.00 | ||
| 995 |
_D0.00 _FCBU-MAIN LIBRARY (Kitwe) _H1 _I0.00 _M1 _UAVAILABLE _ZAnnex Low-Usage Collection |
||
| 999 |
_c48863 _d48863 |
||